000 00283nam a22001217a 4500
008 190311b xxu||||| |||| 00| 0 eng d
041 _aeng
080 _a043.3
100 _a0
101 _aMBE-BA
245 _aStrategjite e Hyrjes ne Tregjet e Jashtme
_cAdemi, H
942 _2udc
_cBK
999 _c54702
_d54702